| 000 | 00648nam a2200241Ia 4500 | ||
|---|---|---|---|
| 003 | OSt | ||
| 005 | 20221005130410.0 | ||
| 006 | a|||||r|||| 00| 0 | ||
| 007 | ta | ||
| 008 | 221004b |||||||| |||| 00| 0 eng d | ||
| 024 | _a56311 | ||
| 037 | _cTextual | ||
| 040 |
_aCRL _cCRL _beng |
||
| 041 |
_2eng _aeng |
||
| 082 | _aT9Y14t2:N60, K0 | ||
| 110 |
_aIndia, Planning---Working---Education----Training. _9638044 |
||
| 245 | 0 | _aReport | |
| 260 | _c1960 | ||
| 650 | _aEDUCATION | ||
| 700 |
_aIndia, Planning---Working---Education----Training. _9638045 |
||
| 942 |
_hT9Y14t2:N60, K0 _cTEXL _2cc |
||
| 999 |
_c1057052 _d1057052 |
||